Loading...

Avasaanathe photo(അവസാനത്തെ ഫോട്ടോ): Ravivarmayude asamaahrtha vivarthanagal(രവിവ൪മ്മയുടെ അസമാഹൃത വിവ൪ത്തനങ്ങള്‍)/

Bibliographic Details
Other Authors: Ravivarma, K Tr.(രവിവ൪മ്മ കെ, വിവ.)
Format: Printed Book
Published: Kozhikode: Mathrubhumi Books, 2012.
Subjects:
LEADER 00910 a2200157 4500
999 |c 119591  |d 119591 
020 |a 9788182653320 
082 |a M 891.404 301  |b 32Q2 
245 |a Avasaanathe photo(അവസാനത്തെ ഫോട്ടോ):  |b Ravivarmayude asamaahrtha vivarthanagal(രവിവ൪മ്മയുടെ അസമാഹൃത വിവ൪ത്തനങ്ങള്‍)/  |c tr. K Ravivarma(വിവ.കെ രവിവ൪മ്മ). 
260 |a Kozhikode:  |b Mathrubhumi Books,  |c 2012. 
300 |a xv, 253 p. 
650 |a Short stories, Indic.  |9 59253 
650 |a Short stories-Collections.  |9 59254 
700 |a Ravivarma, K Tr.(രവിവ൪മ്മ കെ, വിവ.).  |9 59255 
942 |c BK 
952 |0 0  |1 0  |4 0  |6 M_891_404000000000000_301_32Q2  |7 0  |8 MAL  |9 116348  |a MGUL  |b MGUL  |c GEN  |d 2016-11-22  |e Mathrubhumi Books Bill No 23 dated 18.05.2016  |g 175.00  |l 3  |m 2  |o M 891.404 301 32Q2  |p 55748  |r 2018-09-28  |s 2018-09-09  |y BK